<?xml version="1.0" encoding="UTF-8"?>
<collection xmlns="http://www.loc.gov/MARC21/slim">
 <record>
  <leader>02383pam a22002778a 4500</leader>
  <controlfield tag="001">00021569</controlfield>
  <controlfield tag="005">20171026081023.0</controlfield>
  <controlfield tag="008">110525s2007                  ||||||Viesd</controlfield>
  <datafield tag="041" ind1="0" ind2="#">
   <subfield code="a">Vie</subfield>
  </datafield>
  <datafield tag="082" ind1="1" ind2="4">
   <subfield code="a">636.08</subfield>
   <subfield code="b">GI108TR</subfield>
  </datafield>
  <datafield tag="100" ind1="0" ind2="#">
   <subfield code="a">Vũ Duy Giảng</subfield>
   <subfield code="e">Chủ biên</subfield>
  </datafield>
  <datafield tag="245" ind1="0" ind2="0">
   <subfield code="a">Giáo trình dinh dưỡng và thức ăn chăn nuôi</subfield>
   <subfield code="b">Sách dành cho cao đẳng sư phạm</subfield>
   <subfield code="c">Vũ Duy Giảng</subfield>
  </datafield>
  <datafield tag="260" ind1="#" ind2="#">
   <subfield code="a">[ KĐ]</subfield>
   <subfield code="b">Đại học sư phạm</subfield>
   <subfield code="c">2007</subfield>
  </datafield>
  <datafield tag="300" ind1="#" ind2="#">
   <subfield code="a">117 tr.</subfield>
   <subfield code="c">24 cm.</subfield>
  </datafield>
  <datafield tag="500" ind1="#" ind2="#">
   <subfield code="a">Bộ Giáo dục và đào tạo - Dự án đào tạo giáo viên trung học cơ sở</subfield>
  </datafield>
  <datafield tag="500" ind1="#" ind2="#">
   <subfield code="a">Sách nhà nước đặt hàng</subfield>
  </datafield>
  <datafield tag="650" ind1="#" ind2="4">
   <subfield code="a">Dinh dưỡng</subfield>
  </datafield>
  <datafield tag="653" ind1="#" ind2="#">
   <subfield code="a">Chăn nuôi</subfield>
  </datafield>
  <datafield tag="653" ind1="#" ind2="#">
   <subfield code="a">Giáo trình</subfield>
  </datafield>
  <datafield tag="653" ind1="#" ind2="#">
   <subfield code="a">Thức ăn</subfield>
  </datafield>
  <datafield tag="852" ind1="#" ind2="#">
   <subfield code="b">Kho giáo trình</subfield>
   <subfield code="j">KGT.0011239, KGT.0011240, KGT.0011241, KGT.0011242, KGT.0011243, KGT.0011244, KGT.0011245, KGT.0011246, KGT.0011247, KGT.0011248, KGT.0011249, KGT.0011250, KGT.0011251, KGT.0011252, KGT.0011253, KGT.0011254, KGT.0011255, KGT.0011256, KGT.0011257, KGT.0011258, KGT.0011259, KGT.0011260, KGT.0011261, KGT.0011262, KGT.0011263, KGT.0011264, KGT.0011265, KGT.0011266, KGT.0011267, KGT.0011268, KGT.0011269, KGT.0011270, KGT.0011271, KGT.0011272, KGT.0011273, KGT.0011274, KGT.0011275, KGT.0011276, KGT.0011277, KGT.0011278, KGT.0011279, KGT.0011280, KGT.0011281, KGT.0011282, KGT.0011283, KGT.0011284, KGT.0011285, KGT.0011286, KGT.0011287, KGT.0011288, KGT.0011289, KGT.0011290, KGT.0011291, KGT.0011292, KGT.0032687, KGT.0032707</subfield>
  </datafield>
  <datafield tag="852" ind1="#" ind2="#">
   <subfield code="b">Kho mượn</subfield>
   <subfield code="j">KGT.0011239</subfield>
  </datafield>
  <datafield tag="852" ind1="#" ind2="#">
   <subfield code="b">Kho đọc</subfield>
   <subfield code="j">KD.0007953</subfield>
  </datafield>
  <datafield tag="852" ind1="#" ind2="#">
   <subfield code="j">KD.0007953</subfield>
   <subfield code="j">KGT.0011269</subfield>
   <subfield code="j">KGT.0011270</subfield>
   <subfield code="j">KGT.0011272</subfield>
   <subfield code="j">KGT.0011273</subfield>
   <subfield code="j">KGT.0011275</subfield>
   <subfield code="j">KGT.0011276</subfield>
   <subfield code="j">KGT.0011278</subfield>
   <subfield code="j">KGT.0011279</subfield>
   <subfield code="j">KGT.0011281</subfield>
   <subfield code="j">KGT.0011282</subfield>
   <subfield code="j">KGT.0011239</subfield>
   <subfield code="j">KGT.0011241</subfield>
   <subfield code="j">KGT.0011242</subfield>
   <subfield code="j">KGT.0011244</subfield>
   <subfield code="j">KGT.0011245</subfield>
   <subfield code="j">KGT.0011247</subfield>
   <subfield code="j">KGT.0011248</subfield>
   <subfield code="j">KGT.0011250</subfield>
   <subfield code="j">KGT.0011251</subfield>
   <subfield code="j">KGT.0011253</subfield>
   <subfield code="j">KGT.0011254</subfield>
   <subfield code="j">KGT.0011256</subfield>
   <subfield code="j">KGT.0011257</subfield>
   <subfield code="j">KGT.0011259</subfield>
   <subfield code="j">KGT.0011261</subfield>
   <subfield code="j">KGT.0011262</subfield>
   <subfield code="j">KGT.0011264</subfield>
   <subfield code="j">KGT.0011265</subfield>
   <subfield code="j">KGT.0011267</subfield>
   <subfield code="j">KGT.0032687</subfield>
   <subfield code="j">KGT.0032707</subfield>
   <subfield code="j">KGT.0011240</subfield>
   <subfield code="j">KGT.0011243</subfield>
   <subfield code="j">KGT.0011246</subfield>
   <subfield code="j">KGT.0011249</subfield>
   <subfield code="j">KGT.0011252</subfield>
   <subfield code="j">KGT.0011255</subfield>
   <subfield code="j">KGT.0011258</subfield>
   <subfield code="j">KGT.0011260</subfield>
   <subfield code="j">KGT.0011263</subfield>
   <subfield code="j">KGT.0011266</subfield>
   <subfield code="j">KGT.0011268</subfield>
   <subfield code="j">KGT.0011271</subfield>
   <subfield code="j">KGT.0011274</subfield>
   <subfield code="j">KGT.0011277</subfield>
   <subfield code="j">KGT.0011280</subfield>
   <subfield code="j">KGT.0012164</subfield>
  </datafield>
  <datafield tag="910" ind1="0" ind2="#">
   <subfield code="a">Hoa Lê</subfield>
   <subfield code="d">25/05/2011</subfield>
  </datafield>
  <datafield tag="980" ind1="#" ind2="#">
   <subfield code="a">Trung tâm Học liệu Lê Vũ Hùng, Trường Đại học Đồng Tháp</subfield>
  </datafield>
 </record>
</collection>
